The red pyramid / (Record no. 529)

MARC details
000 -LEADER
fixed length control field 01275cam a2200337 a 4500
005 - DATE AND TIME OF LATEST TRANSACTION
control field 20230518083415.0
020 ## - INTERNATIONAL STANDARD BOOK NUMBER
International Standard Book Number 9781423113386
040 ## - CATALOGING SOURCE
Original cataloging agency DLC
Transcribing agency DLC
Modifying agency DLC
-- FISKH
Language of cataloging eng
050 00 - LIBRARY OF CONGRESS CALL NUMBER
Classification number PZ7.R4829
Item number Re 2010
082 00 - DEWEY DECIMAL CLASSIFICATION NUMBER
Classification number 813.6
Edition number 22
100 1# - MAIN ENTRY--PERSONAL NAME
Personal name Riordan, Rick.
245 14 - TITLE STATEMENT
Title The red pyramid /
Statement of responsibility, etc. Rick Riordan.
250 ## - EDITION STATEMENT
Edition statement 1st ed.
260 ## - PUBLICATION, DISTRIBUTION, ETC.
Place of publication, distribution, etc. New York :
Name of publisher, distributor, etc. Scholastic.
Date of publication, distribution, etc. 2010.
300 ## - PHYSICAL DESCRIPTION
Extent 516 pages :
Other physical details illustrations ;
Dimensions 22 cm.
490 0# - SERIES STATEMENT
Series statement The Kane chronicles ;
Volume/sequential designation bk. 1
505 ## - FORMATTED CONTENTS NOTE
Formatted contents note M <br/>
520 ## - SUMMARY, ETC.
Summary, etc. Brilliant Egyptologist Dr. Julius Kane accidentally unleashes the Egyptian god Set, who banishes the doctor to oblivion and forces his two children to embark on a dangerous journey, bringing them closer to the truth about their family and its links to a secret order that has existed since the time of the pharoahs.
521 ## - TARGET AUDIENCE NOTE
Target audience note 650 <br/>
Source Lexile
521 ## - TARGET AUDIENCE NOTE
Target audience note M <br/>
Source Raz-Plus
650 #1 - SUBJECT ADDED ENTRY--TOPICAL TERM
Topical term or geographic name entry element Adventure and adventurers
Form subdivision Fiction.
650 #1 - SUBJECT ADDED ENTRY--TOPICAL TERM
Topical term or geographic name entry element Voyages and travels
Form subdivision Fiction.
650 #1 - SUBJECT ADDED ENTRY--TOPICAL TERM
Topical term or geographic name entry element Mythology, Egyptian
Form subdivision Fiction.
650 #1 - SUBJECT ADDED ENTRY--TOPICAL TERM
Topical term or geographic name entry element Magic
Form subdivision Fiction.
650 #1 - SUBJECT ADDED ENTRY--TOPICAL TERM
Topical term or geographic name entry element Siblings
Form subdivision Fiction.
650 #1 - SUBJECT ADDED ENTRY--TOPICAL TERM
Topical term or geographic name entry element Secrets
Form subdivision Fiction.
906 ## - LOCAL DATA ELEMENT F, LDF (RLIN)
a 7
b cbc
c orignew
d 2
e ncip
f 20
g y-gencatlg
942 ## - ADDED ENTRY ELEMENTS (KOHA)
Source of classification or shelving scheme Dewey Decimal Classification
Koha item type Books
Suppress in OPAC No
999 ## -
-- 529
-- 529
Holdings
Withdrawn status Lost status Source of classification or shelving scheme Damaged status Not for loan Collection Home library Current library Shelving location Date acquired Total Checkouts Full call number Barcode Date last seen Date last checked out Price effective from Koha item type
    Dewey Decimal Classification     Juvenile Fiction Footprints International School Library Network Toul Kork Campus Footprints International School Library Network Toul Kork Campus TK Primary Library Room(4th Floor), Bookcase 5&6, Shelves 33-56, Orange Books 05/18/2023 1 RIO 813.6 PZ7.R4829 FISTK05352 09/13/2023 08/09/2023 05/18/2023 Books